|
|
|
|
| LEADER |
00000nas a2200000 i 4500 |
| 001 |
ssj0001934827 |
| 003 |
WaSeSS |
| 005 |
20200512172242.0 |
| 006 |
m d |
| 007 |
cr n |
| 008 |
170620c20189999enkqr p s 0 a0eng c |
| 010 |
|
|
|a 2018243214
|
| 015 |
|
|
|a GBB814442
|2 bnb
|
| 015 |
|
|
|a GBB814442
|2 bnb
|
| 016 |
7 |
|
|a 101715577
|2 DNLM
|
| 016 |
7 |
|
|a 018384037
|2 Uk
|
| 022 |
|
|
|l 2515-1991
|y 2515-1991
|
| 035 |
|
|
|a (WaSeSS)ssj0001934827
|
| 040 |
|
|
|a EQO
|b eng
|c EQO
|d OCLCO
|d OCLCF
|d NLM
|d UKMGB
|d NLW
|d OCLCQ
|d WaSeSS
|
| 042 |
|
|
|a pcc
|
| 060 |
0 |
0 |
|a W1
|b BR531
|
| 082 |
0 |
4 |
|a 613.905
|2 23
|
| 210 |
0 |
|
|a BMJ sex. reprod. health
|
| 210 |
1 |
0 |
|a BMJ Sex Reprod Health
|2 dnlm
|
| 222 |
|
0 |
|a BMJ sexual & reproductive health
|
| 245 |
0 |
0 |
|a BMJ sexual & reproductive health
|h [electronic resource].
|
| 246 |
1 |
3 |
|a British Medical Journal sexual and reproductive health
|
| 246 |
1 |
3 |
|a BMJ SRH
|
| 260 |
|
|
|a London :
|b BMJ Publishing Group Ltd.,
|c [2018]-
|
| 310 |
|
|
|a Quarterly
|
| 362 |
1 |
|
|a Began with: Volume 44, issue 1 (January 2018).
|
| 506 |
|
|
|a License restrictions may limit access.
|
| 550 |
|
|
|a "In partnership with FSRH the Faculty of Sexual & Reproductive Healthcare of the Royal College of Obstetricians & Gynaecologists."
|
| 588 |
|
|
|a Description based on: Volume 44, Issue 1 (January 2018); title from cover.
|
| 588 |
|
|
|a Latest issue consulted: Volume 44, Issue 1 (January 2018).
|
| 650 |
|
0 |
|a Reproductive health
|v Periodicals.
|
| 650 |
|
0 |
|a Sexual health
|v Periodicals.
|
| 650 |
|
0 |
|a Birth control
|v Periodicals.
|
| 650 |
|
0 |
|a Contraception
|v Periodicals.
|
| 650 |
1 |
2 |
|a Reproductive Health
|
| 650 |
2 |
2 |
|a Sexual Health
|
| 650 |
2 |
2 |
|a Contraception
|
| 650 |
2 |
2 |
|a Reproductive Medicine
|
| 650 |
|
7 |
|a Birth control.
|2 fast
|0 (OCoLC)fst00833148
|
| 650 |
|
7 |
|a Contraception.
|2 fast
|0 (OCoLC)fst00876819
|
| 650 |
|
7 |
|a Reproductive health.
|2 fast
|0 (OCoLC)fst01095004
|
| 650 |
|
7 |
|a Sexual health.
|2 fast
|0 (OCoLC)fst01754480
|
| 655 |
|
0 |
|a Electronic journals.
|
| 710 |
2 |
|
|a Royal College of Obstetricians and Gynaecologists (Great Britain).
|b Faculty of Sexual & Reproductive Health Care.
|
| 780 |
0 |
0 |
|t Journal of family planning and reproductive health care
|x 1471-1893
|
| 856 |
4 |
0 |
|z Full text available from Research Library: 2018 to 1 year ago
|u https://search.proquest.com/publication/2041029
|